Estudis romànics / publicats a cura de R. Aramon i Serra...
Descripción Física:
v. ; 25 cm
Otros Autores:
Aramon i Serra, R.
Materias:
Llengües romàniques
MARC
| LEADER | 00000nam a2200000Ia 4500 | ||
|---|---|---|---|
| 001 | 11335, 11336, 10382, 10383, 10384, 10385, 10386, 10387, 10388, 11325, 10390, 10391, 10392, 11337 | ||
| 008 | 160829s1949 - 1975 xx 000 0 cat d | ||
| 080 | |a L-1-10, L-1-11, L-1-12, L-1-13, L-1-14, L-1-15, L-1-16, L-1-17, L-1-18, L-1-19, L-1-20, L-1-21, L-1-22, L-1-23 | ||
| 245 | |a Estudis romànics / publicats a cura de R. Aramon i Serra... | ||
| 260 | |a Barcelona : |b Institut d'Estudis Catalans, |c 1949 - 1975 | ||
| 300 | |a v. ; |c 25 cm | ||
| 590 | |a Conté: v. 2: 1949-1950; v. 3: 1951-1952; v. 4: 1953-1954; v. 5: 1955-1956; v. 6: 1957-1958; v. 7: 1959-1960; v. 8: 1961, estudis de llatí medieval i de filologia romànica dedicats a la memòria de Lluís Nicolau d'Olwer, 1; v. 9: 1961, estudis de llatí medieval i de filologia romànica dedicats a la memòria de L. Nicolau d'Olwer, 2; v. 10: 1962, estudis de literatura catalana oferts a Jordi Rubió i Balaguer en el seu setanta-cinquè aniversari, 1; v. 11: estudis de literatura catalana oferts a Jordi Rubió i Balaguer en el seu setanta-cinquè aniversari , 2; v. 12: 1963-1968, estudis de lingüística i de filologia catalanes dedicats a la memòria de Pompeu Fabra en el centenari de la seva naixenç, 1; v. 13: estudis de lingüística i de filologia catalanes dedicats a la memòria de Pompeu Fabra en el centenari de la seva naixença, 2; v. 16: 1971-1975; v. 17: 1976-1980 | ||
| 650 | |a Llengües romàniques |9 22911 | ||
| 700 | |a Aramon i Serra, R. |9 31748 | ||
| 710 | 2 | |a Institut d'Estudis Catalans |9 52284 | |
| 866 | |a 2, 3, 4, 5, 6, 7, 8, 9, 10, 11, 12, 13, 16, 17 | ||
| 901 | |a Arxiu | ||
| 942 | |n 1 | ||
| 952 | |0 0 |1 0 |4 0 |6 L110_L111_L112_L113_L114_L115_L116_L117_L118_L119_L120_L121_L122_L123 |7 1 |9 47082 |a Arxiu |b Arxiu |d 2016-12-01 |l 0 |o L-1-10, L-1-11, L-1-12, L-1-13, L-1-14, L-1-15, L-1-16, L-1-17, L-1-18, L-1-19, L-1-20, L-1-21, L-1-22, L-1-23 |p 11335, 11336, 10382, |r 2016-12-01 00:00:00 |w 2016-12-01 |y ARXIU | ||
| 999 | |c 50876 |d 50876 | ||